|
|
|
|
| LEADER |
01168nam a2200313 a 4500 |
| 001 |
000198518 |
| 003 |
CZ BrMZK |
| 005 |
20210506100135.0 |
| 007 |
ta |
| 008 |
010907s1997 xr g j cze d |
| 015 |
|
|
|a cnb000213169
|
| 020 |
|
|
|a 80-7176-549-X
|
| 035 |
|
|
|a (OCoLC)37962534
|
| 040 |
|
|
|a BOA001
|b cze
|
| 072 |
|
7 |
|a 821.162.3-3
|x Česká próza
|2 Konspekt
|9 25
|
| 080 |
|
|
|a 821.162.3-32
|2 MRF
|
| 080 |
|
|
|a (0:82-32)
|2 MRF
|
| 100 |
1 |
|
|a Verner, Eduard,
|d 1943-2003
|7 jk01142072
|4 aut
|
| 245 |
1 |
0 |
|a Utrpení mladého Boháčka /
|c Eduard Verner
|
| 250 |
|
|
|a Vyd. 1.
|
| 260 |
|
|
|a Praha :
|b Knižní klub,
|c 1997
|
| 300 |
|
|
|a 157 s. ;
|c 21 cm
|
| 500 |
|
|
|a Dostupné též v digitální podobě v aplikaci Kramerius
|
| 655 |
|
7 |
|a české povídky
|7 fd133971
|2 czenas
|
| 856 |
4 |
1 |
|u http://www.digitalniknihovna.cz/mzk/uuid/uuid:1b1ee2b0-f441-11e7-a97b-005056827e51
|y Digitalizovaný dokument
|x NDK
|
| 910 |
|
|
|a BOA001
|b 2-1034.712
|
| 990 |
|
|
|a BK
|
| 996 |
6 |
|
|b 2610054887
|c 2-1034.712
|l MZK
|r Sklad / do 1 hodiny
|n 3
|p p.v.
|w 000198518
|u 000010
|a 1
|e BOA001
|j MZK50
|s P
|
| 996 |
7 |
|
|b 2610760331
|c 2-1034.712
|l MZK
|r Sklad / do 1 hodiny
|n 1
|p dar
|w 000198518
|u 000020
|a 1
|e BOA001
|j MZK50
|s A
|